000 00292nam a22001337a 4500
020 _a0-7214-1020-3
082 _a823
_bGAT/T
100 _aGATEHOUSE, JOHN
245 _aTRICKS AND MAGIC
_bCHEEKY MOUSE & COOL CAT
250 _a1
260 _aUK
650 _aENGLISH SHORT STORY
942 _cBK
999 _c2111
_d2111